Les jeux de retro découverte (Saison 3 à 5) - Statistiques

Statistiques générales
  • Ce quiz a été pris 17 fois
    12 depuis la dernière actualisation
  • Le résultat moyen est 63 sur 133
Statistiques - réponses
Hint Réponse % Correct
saison 5 GTA san andreas
100%
saison 5 Adibou
80%
saison 5 (Jeux d'une Console) Atari Lynx
80%
saison 5 Colonel's Bequest
80%
saison 5 Crash Team Racing
80%
saison 4 Digimon World
80%
saison 5 (Histoire de ...) Donald
80%
saison 5 Final Fantasy IX
80%
saison 4 Luigi's Mansion
80%
saison 5 luigi's mansion 2
80%
saison 5 Mario Paint
80%
saison 5 (série) Mario Party
80%
saison 3 Myst
80%
saison 5 Okami
80%
saison 4 Overcooked
80%
saison 5 Resident evil
80%
saison 4 The Elder Scrolls V : Skyrim
80%
saison 5 The Legend of Zelda Oracle of Ages
80%
saison 5 The Legend of Zelda Oracle of Seasons
80%
saison 4 The Legend of Zelda Wind Waker
80%
saison 4 Unpacking
80%
saison 3 Wario Land
80%
saison 5 Wario land 2
80%
saison 5 Wario land 3
80%
saison 3 Asterix Maxi Delirium
60%
saison 3 | saison 5 Clock Tower
60%
saison 3 Donkey Kong Land
60%
saison 4 Gabriel Knight
60%
saison 3 (Best Of Console) GameBoy
60%
saison 3 Golden Sun
60%
saison 4 Goof Troop
60%
saison 5 Gun Smoke
60%
saison 4 Harry Potter
60%
saison 4 Human Fall Flat
60%
saison 4 Ico
60%
saison 3 James Bond
60%
saison 4 Mario et Luigi Super star Saga
60%
saison 3 Mission : Impossible
60%
saison 4 Pokemon Rouge / Bleu
60%
saison 5 Pokemon snap
60%
saison 4 Riven
60%
saison 4 Rygar
60%
saison 3 Sim City
60%
saison 4 Slender
60%
saison 4 Soleil
60%
saison 4 Super Mario Galaxy
60%
saison 4 Super Mario World
60%
saison 4 Super Princess Peach
60%
saison 4 Team Buddies
60%
saison 3 Tekken 3
60%
saison 4 The Legend of Zelda Link's Awakening
60%
saison 3 The Legend of Zelda Majora's Mask
60%
saison 4 Toy story 2
60%
saison 3 Worms
60%
saison 5 Age of Empire
40%
saison 5 Another World
40%
saison 3 Bubble Ghost
40%
saison 4 Castlevania
40%
saison 5 Crow Country
40%
saison 5 Dark seed
40%
saison 5 Double Dragon
40%
saison 3 Fire Emblem
40%
saison 5 Five night's at freddy's
40%
saison 4 Fright Night
40%
saison 3 Full Throttle
40%
saison 4 Gauntlet
40%
saison 4 Grandia
40%
saison 3 GTA 3
40%
saison 4 GTA China Town Wars
40%
saison 4 GTA Vice city
40%
saison 5 Hercules
40%
saison 3 Jade Cocoon
40%
saison 3 Killer Instinct
40%
saison 3 King's Field
40%
saison 3 Lapin Crétins la Grosse Aventure
40%
saison 3 Le Roi Lion
40%
saison 3 ( Best Of Consoles) Les Jeux 4 Joueurs de la Gameboy
40%
saison 3 LiberoGrande
40%
saison 3 Little Big Adventure
40%
saison 4 (Serie) Medal Of Honor
40%
saison 4 Micro Machines
40%
saison 3 Mortal Kombat
40%
saison 5 Mystic Quest
40%
saison 3 (Best Of Console) Nintendo DS
40%
saison 4 Paper Mario
40%
saison 3 Please Don't Touch Anything
40%
saison 4 Pro Evolution Soccer
40%
saison 4 Professeur Layton et L'étrange village
40%
saison 5 Red Dead Redemption
40%
saison 4 Resident Evil Survivor
40%
saison 3 Roller Coaster Tycoon
40%
saison 5 (Série) R-Type
40%
saison 5 Shufflepuck cafe
40%
saison 4 Silent Hill 2
40%
saison 4 Super Mario 64
40%
saison 3 Super Mario Land 2
40%
saison 3 Super Mario RPG
40%
saison 4 ( best of console) Super Nintendo
40%
saison 4 Super Probotector
40%
saison 5 Sweet Home
40%
saison 3 (2 Jeux) Tetris / Columns
40%
saison 5 (Spécial) The Legend of Zelda A link to the past random
40%
saison 3 Theme Park World
40%
saison 5 (Série) Track and Field
40%
saison 5 Ultima Underworld
40%
saison 3 007 Racing
20%
saison 4 Civilisation II
20%
saison 3 (Serie de jeux) Crash Bandicoot
20%
saison 3 Croc
20%
saison 3 Dragon's Fury
20%
saison 3 Dr Franken
20%
saison 3 Dune
20%
saison 5 Eye of the Beholder
20%
saison 4 ( Accessoire ) Eye Toys
20%
saison 3 Goldeneye 64
20%
saison 3 Heart Of Darkness
20%
saison 3 Jet pac
20%
saison 3 Kingdom hearts
20%
saison 3 ( Série de jeux) Le seigneur des Anneaux
20%
saison 3 Les Urbz
20%
saison 3 Lucky Luke
20%
saison 5 Mario picross
20%
saison 3 Phantasmagoria
20%
saison 3 Pilot Wings
20%
saison 3 Shadowgate
20%
saison 3 Soul Reaver
20%
saison 3 SSX3
20%
saison 3 Under A Killing Moon
20%
saison 4 Zombies Ate My Neighbors
20%
saison 3 Burnout 3 TakeDown
0%
saison 4 Le Seigneur des Anneaux le Tiers Age
0%
saison 3 Tomb Rider
0%
Aucun quiz correspondant
Distribution des résultats
% des personnes avec chaque résultat
Percentile par nombre de réponses
Votre historique - résultats
Vous n’avez pas pris ce quiz depuis la dernière actualisation